000 00321nam a2200121Ia 4500
008 191201s2009 xx 000 0 und d
100 _aREGIS, Richard
245 0 _aCross Cultural and Global Human Resource Management M B A SEM-4
260 _aN. Delhi
_bVikas Pub
_c2009
300 _a294
650 _aMBA
942 _2ddc
_cBK
999 _c267
_d267